000 00858cam a2200253 a 4500
001 4981758
005 20180130072219.0
008 980821s1999 enka b 001 0 eng c
010 _a 98042252
020 _a0632030674 (pbk.)
040 _aDNLM/DLC
_cDLC
_dDLC
041 _aeng
060 1 0 _aWB 200
_bR992a 1998
080 _a616.075 RYD
082 0 0 _a616.075 RYD
_221
100 1 _a6
101 _aGJEN
245 1 3 _aAn aid to the MRCP short cases /
_cR.E.J. Ryder, M.A. Mir, and E.A. Freeman.
246 3 _aAid to the Membership of the Royal College of Physicians short cases
504 _aIncludes bibliographical references and index.
906 _a7
_bcbc
_corignew
_d1
_eocip
_f19
_gy-gencatlg
942 _2ddc
_cBK
999 _c41291
_d41291